Fábrica de escalofríos : 10 millones de poemas para combinar templando /

Guardado en:
Autor Principal: Cavallo, Horacio.
Otros Autores: Babini, Tati; il.
Formato: Libro
Publicado: Buenos Aires : Libros Silvestres, 2021.
Edición:2a ed.
Series:Una cosa Maravillosa
Materias:
Etiquetas: Agregar Etiqueta
Sin Etiquetas, Sea el primero en etiquetar este registro!
LEADER 00822nam a22002415a 4500
001 CEM.cems019580
008 220926s2021##################000#0#####d
005 20220926144456.0
245 1 0 |a Fábrica de escalofríos :  |b 10 millones de poemas para combinar templando /  |c Horacio Cavallo; ilustrado por Tati Babini. 
250 |a 2a ed. 
260 |a Buenos Aires :  |b Libros Silvestres,  |c 2021. 
300 |a 24 p. 
490 0 |a Una cosa Maravillosa 
500 |a Edición especial del Ministerio de Educacion de la Nación 
020 |a 9789874798121 
100 1 |a Cavallo, Horacio. 
700 1 |a Babini, Tati; il. 
653 |a Literatura 
653 |a Literatura uruguaya 
653 |a Poesía 
653 |a Poesía uruguaya 
653 |a Poesía infantil 
859 |a CEMS  |b BIB. CEMS - Inicial y Primaria  |h U861.4  |i C314  |k IP  |p 6467  |t Ej.1